000 00829nam1a22002051i 4500
001 rc\2127285
005 20240723192843.0
035 _a(NLR Aleph) 006489662
090 _a6119171
_c6119171
100 _a20110829d1978 |||y0rusy50 ca
101 0 _arus
102 _aRU
105 _ay z |||||
200 1 _aГородские библиотеки Белоруссии...
_eАнализ состояния работы и метод. рекомендации
_fМ-во культуры БССР, Гос. б-ка БССР им. В.И. Ленина. Науч.-метод. отд. библиотековедения
210 _aМинск
_cГосбиблиотека БССР им. В.И. Ленина
_d1978
215 _d20
801 0 _aRU
_bNLR
_gpsbo
801 1 _aRU
_bELAR
_2rusmarc
852 _aNLR
_jБ 6640/Г-701
942 _cBOOK